000 00548nam a22001577a 4500
003 LRUA
005 20220614154045.0
008 220614b xxu||||| |||| 00| 0 eng d
040 _crua
082 _2MGR TIP 2013 B429 Or.
100 _915011
_aTIP SOPHARK,ទិព្វ សុភ័ក្រ្ត
245 _a៌impacts of dei ey community homestay on local livelihoods impovement and natural resource, pech chenda district,mondulkiri province.
260 _aphnom penh
_brua
_c2013
300 _axiii,52p,
_bill,
_c29cm,
942 _2ddc
_cNRM
999 _c20233
_d20233